AH International Schools' Libraries

The story of Noah's ark / (Record no. 48594)

MARC details
000 -LEADER
fixed length control field 00329nam a2200109 4500
020 ## - INTERNATIONAL STANDARD BOOK NUMBER
International Standard Book Number 9781506417677
100 ## - MAIN ENTRY--PERSONAL NAME
Personal name Rivadeneira, Caryn
9 (RLIN) 86121
245 ## - TITLE STATEMENT
Title The story of Noah's ark /
Statement of responsibility, etc Caryn Rivadeneira & Peter Grosshauser
260 ## - PUBLICATION, DISTRIBUTION, ETC. (IMPRINT)
Place of publication, distribution, etc Minneapolis
Name of publisher, distributor, etc Spark House Family
Date of publication, distribution, etc 2016
300 ## - PHYSICAL DESCRIPTION
Extent 29 p.
Other physical details col. ill.
Dimensions 24 cm.
942 ## - ADDED ENTRY ELEMENTS (KOHA)
Source of classification or shelving scheme
Koha item type Book
Holdings
Withdrawn status Lost status Source of classification or shelving scheme Damaged status Not for loan Collection code Home library Current library Date acquired Total Checkouts Full call number Barcode Checked out Date last seen Date checked out Price effective from Koha item type
          Non-Fiction Asian Hope Early Years Library Asian Hope Early Years Library 03/17/2025 2 222.110 RIV 207226 04/22/2026 04/22/2026 04/22/2026 03/17/2025 Book

For any Logos Library related questions please contact Miss Art at swongnarasuk@asianhope.org.

For any Asian Hope Library related questions please contact Miss Raza at graza@asianhope.org.

Powered by Koha